Distributional ecology and abundance of dung and carrion-feeding beetles (Scarabaeidae) in tropical rain forests in Sarawak, Borneo (Registro nro. 13296)

Detalles MARC
000 -CABECERA
Campo de control 004270000a22001210004500
090 ## - CLASIFICACIÓN LOCAL
Colección AR
Consecutivo 04199
041 0# - IDIOMA
Código de idioma para texto/pista de sonido o título separado
100 1# - ASIENTO PRINCIPAL--NOMBRE PERSONAL
Nombre personal Hanski, Ilkka
245 10 - MENCION DE TITULO
Título Distributional ecology and abundance of dung and carrion-feeding beetles (Scarabaeidae) in tropical rain forests in Sarawak, Borneo
500 ## - NOTA GENERAL
Nota general <Literatura de escarabajos coprófagos>
773 1# - Item fuente:
Título Acta Zoologica Fennica
Paginas del Articulo 1-45
Lugar, editorial y fecha de publicación 1983
Información sobre la relación 167
942 ## - ELEMENTOS ADICIONALES (KOHA)
Tipo de ítem Artículo
Existencias
Withdrawn status Lost status Damaged status No para préstamo Colección Ubicación Permanente Ubicación actual Fecha de adquisición Fuente de Valor Datos de publicación Seriada Total Checkouts Número topográfico Inventario / Código de Barras Date last seen Ejemplar Price effective from Forma de adquisición Tipo de material
      No para Préstamo Hemeroteca Bogotá Bogotá 09/11/2006 Trujillo, Diego Fuera de circulación   AR 04199 023637 25/03/2015 1 25/03/2015   Artículo